History Quiz

Random History or Art Quiz

Historical 'Bigwigs' Quiz Stats

 Plays Quiz Updated Nov 24, 2015

Challenge
Share
Tweet
Score 0/18 Timer 06:00
0 Plays Today
% Correct
Louis XIV of France
95.1%
Marie Antoinette, Queen of France and Navarre
89.5%
Antonio Vivaldi
78.2%
Johann Sebastian Bach
73.9%
Voltaire
68.2%
Adam Smith
66%
George Frideric Handel
65.8%
Edmond Halley
64.6%
James Cook
64%
% Correct
Charles II of England, Scotland, and Ireland
60.4%
William Penn
55.7%
Gilbert du Motier, Marquis de Lafayette
54.9%
Daniel Defoe
54.8%
Christopher Wren
49.2%
Frederick II of Prussia
48.4%
Jonathan Swift
41.3%
Molière
37.3%
Jean-Jacques Rousseau
36.2%

You're not logged in!

Compare scores with friends on all Sporcle quizzes.
Join for Free
OR
Log In

You Might Also Like...

Show Comments

Extras

Top Quizzes Today


Score Distribution

Your Account Isn't Verified!

In order to create a playlist on Sporcle, you need to verify the email address you used during registration. Go to your Sporcle Settings to finish the process.

Report this User

Report this user for behavior that violates our Community Guidelines.

Details: